[Event "Sevilla Expo92"]
[Site "Sevilla"]
[Date "1992.??.??"]
[Round "7"]
[White "Milos, Gilberto"]
[Black "Hoffman, Alejandro"]
[Result "1/2-1/2"]
[WhiteElo "2515"]
[BlackElo "2445"]

1.Nf3 Nf6 2.c4 g6 3.Nc3 Bg7 4.e4 d6 5.d4 O-O 6.Be2 Nbd7 7.O-O e5 8.Qc2 c6
9.Rd1 Qc7 10.d5 a6 11.dxc6 bxc6 12.b4  1/2-1/2

[Event "Candidats (Women) Tournament"]
[Site "Shanghai"]
[Date "1992.??.??"]
[Round "14"]
[White "Maric, Alisa"]
[Black "Peng, Zhaoqin"]
[Result "1/2-1/2"]
[WhiteElo "2390"]
[BlackElo "2370"]

1.d4 Nf6 2.c4 g6 3.Nc3 Bg7 4.e4 d6 5.Nf3 O-O 6.Be2 e5 7.Be3 h6 8.O-O Ng4
9.Bc1 Nc6 10.d5 Ne7 11.Ne1 f5 12.Bxg4 fxg4 13.Be3 g5 14.c5 Ng6 15.Rc1 Qe8
16.cxd6 cxd6 17.Qb3 Nf4 18.Kh1 Qg6 19.a4 Rf7 20.Qd1 Bd7 21.f3 gxf3 22.Nxf3 Raf8
23.Ng1 g4 24.g3 Kh7 25.Qd2 Nh3 26.Rxf7 Rxf7 27.b3 Bf6 28.Rf1 Bg5 29.Rxf7+ Qxf7
30.Kg2 a6 31.Bxg5 Nxg5 32.Qf2 Be8 33.Qxf7+ Bxf7 34.Kf2 Bg6 35.Ke3 Kg7 36.Kd3 Kf6
37.Ke3 Ke7 38.Kd3 Kd7 39.Ke3 Kc7 40.a5 b6 41.b4 h5 42.Nge2 bxa5 43.bxa5 Be8
44.Nb1 Ba4 45.Nd2 Bb5 46.Nc1 Nf7 47.Ndb3 Nd8 48.Nd2 Nb7 49.Ncb3 Kd7 50.Nb1 Ke7
51.N1d2 Kf6 52.Nb1 Kg5 53.N1d2 h4 54.Nb1 h3 55.N1d2 Kf6 56.Nb1 Ke7 57.N1d2 Kd7
58.Nb1 Kc7 59.N1d2 Nd8 60.Nb1 Nf7 61.N1d2 Ng5 62.Nc1 Nh7  1/2-1/2

[Event "Candidats (Women) Tournament"]
[Site "Shanghai"]
[Date "1992.??.??"]
[Round "16"]
[White "Maric, Alisa"]
[Black "Wang Pin"]
[Result "0-1"]
[WhiteElo "2390"]
[BlackElo "2345"]

1.d4 Nf6 2.c4 g6 3.Nc3 Bg7 4.e4 d6 5.Nf3 O-O 6.Be2 e5 7.Be3 Ng4 8.Bg5 f6
9.Bh4 Nc6 10.d5 Ne7 11.Nd2 Nh6 12.f3 c5 13.dxc6 bxc6 14.b4 Be6 15.Nb3 g5
16.Bf2 f5 17.O-O g4 18.exf5 gxf3 19.fxe6 fxe2 20.Qxe2 Qc8 21.Rad1 Qxe6 22.Ne4 d5
23.cxd5 cxd5 24.Nec5 Qg4 25.Qxg4 Nxg4 26.Ne6 Rxf2 27.Rxf2 Nxf2 28.Kxf2 Bf6
29.a4 Kf7 30.Nec5 Rg8 31.b5 Rg4 32.Na5 Rb4 33.Nc6 Rc4 34.Nd8+ Kg6 35.Nde6 Rc2+
36.Kg1 d4 37.Ne4 Nd5 38.Rd2 Rc1+ 39.Kf2 Be7 40.g4 h6 41.g5 Kf5 42.gxh6 Kxe4
43.h7 Rc8  0-1

[Event "Shenzhen"]
[Site "Shenzhen"]
[Date "1992.??.??"]
[Round "7"]
[White "Lin Weiguo"]
[Black "Xu Jun"]
[Result "1/2-1/2"]
[WhiteElo "2495"]
[BlackElo "2540"]

1.d4 Nf6 2.c4 d6 3.Nc3 e5 4.Nf3 Nbd7 5.e4 g6 6.Be2 Bg7 7.O-O O-O 8.Re1 c6
9.b3 exd4 10.Nxd4 Re8 11.Bf3 Ne5 12.Bb2 Nxf3+ 13.Qxf3 Bd7 14.h3 c5 15.Nc2 Bc6
16.Nd5 Nxd5 17.Bxg7 Kxg7 18.cxd5 Bd7 19.a4 a6 20.a5 Qf6 21.Qxf6+ Kxf6 22.Na3 Bb5
23.f4 g5 24.fxg5+ Kxg5 25.Nc4 Bxc4 26.bxc4 Re7 27.Rab1 Kf4 28.Rb6 Rxe4 29.Rf1+ Ke5
30.Rxf7 Rxc4 31.Rxh7 Rc1+ 32.Kh2 c4 33.Rhxb7 Kxd5 34.Rd7 Rc8 35.Rbxd6+ Kc5
36.Rd8 Rc7 37.R8d7 Rc8 38.Rd8  1/2-1/2

[Event "Scandinavia-ch schools"]
[Site "Skovde"]
[Date "1992.??.??"]
[Round "5"]
[White "Sigfusson, Sigurdur"]
[Black "Nouro, Mikael"]
[Result "0-1"]
[WhiteElo "2295"]
[BlackElo "2265"]

1.d4 Nf6 2.c4 g6 3.Nc3 Bg7 4.e4 d6 5.Nf3 O-O 6.Be2 e5 7.O-O Na6 8.Bg5 h6
9.Bh4 Qe8 10.dxe5 dxe5 11.Qc1 Nh5 12.Nd5 c6 13.Ne7+ Kh7 14.Nxc8 Rxc8 15.c5 Nc7
16.Rd1 Ne6 17.Bf1 f5 18.exf5 Rxf5 19.Bd3 Nhf4 20.g4 Nh3+ 21.Kg2 Rxf3 22.Kxf3 e4+
23.Kg3 Be5+ 24.Kxh3 Nf4+ 25.Qxf4 Bxf4 26.Bc2 h5 27.Rd4 hxg4+ 28.Kg2 Qe5 29.Rad1 e3
30.Re4 Qh5 31.Rd7+ Kh6 32.Ree7 Rh8 33.fxe3 Bxh2 34.Bxg6 Qxh4 35.Rh7+ Kxg6
36.Rxh4 Rxh4 37.Rxb7 Be5 38.Rxa7 Kf5 39.a4 Rh2+ 40.Kg1 Rxb2  0-1

[Event "SLO-ch (Women)"]
[Site "?"]
[Date "1992.??.??"]
[Round "?"]
[White "Orel, Simona"]
[Black "Grosar, Kiti"]
[Result "0-1"]
[WhiteElo "2150"]
[BlackElo "2125"]

1.d4 Nf6 2.c4 g6 3.Nc3 Bg7 4.e4 d6 5.Nf3 O-O 6.Be2 e5 7.Be3 Qe7 8.d5 Ng4
9.Bg5 f6 10.Bh4 h5 11.h3 Nh6 12.Bg3 g5 13.h4 g4 14.Nd2 a5 15.a3 Na6 16.Bd3 Nc5
17.Bc2 f5 18.exf5 Nxf5 19.Nde4 Nxg3 20.Nxg3 e4 21.Qe2 Bd4 22.Nd1 Qe5 23.Nxe4 Bf5
24.Ndc3 Bxc3+ 25.Nxc3 Qxe2+ 26.Kxe2 Bxc2 27.f3 Bd3+ 28.Kf2 Bxc4 29.Kg3 gxf3
30.gxf3 Kh7 31.Rae1 Rf7 32.Rhg1 Raf8 33.Re3 a4 34.Rd1 Rg7+ 35.Kh2 Rf4 36.Kh3 b6
37.Ne4 Nxe4 38.Rxe4 Rf5 39.Kh2 Bf1  0-1

[Event "SLO-ch (Women)"]
[Site "?"]
[Date "1992.??.??"]
[Round "?"]
[White "Kosir, Pavla"]
[Black "Vospernik, Mira"]
[Result "1/2-1/2"]
[WhiteElo "2095"]
[BlackElo "2125"]

1.d4 Nf6 2.Nf3 g6 3.c4 Bg7 4.Nc3 d6 5.e4 O-O 6.Be2 e5 7.dxe5 dxe5 8.O-O c6
9.Be3 Qe7 10.h3 Na6 11.a3 b6 12.Qc2 Bb7 13.Rad1 Rad8 14.Rxd8 Rxd8 15.Rd1 Rxd1+
16.Qxd1 h6 17.Qc2 Qc7 18.b4 Bc8 19.Qd2 Kh7 20.g4 Ne8 21.Kg2 Be6 22.c5 Nb8
23.Ne1 Nd7 24.cxb6 axb6 25.f3 Bf8 26.Nc2 Nd6 27.Qe1 Bb3 28.Qb1 Be6 29.Qe1 Qd8
30.Bc1 b5 31.Ne3 Nb6 32.Ncd1 Ndc4 33.Nxc4 Bxc4 34.Ne3 Be6 35.Qc3 Qd6 36.f4 Bg7
37.f5 Bd7 38.Qd3 Qxd3 39.Bxd3 f6 40.fxg6+ Kxg6 41.Nf5 Bf8 42.Kf3 Be6 43.Ne3 h5
44.Nf5 hxg4+ 45.hxg4 Bb3 46.Nh4+ Kf7 47.g5 fxg5 48.Bxg5 Bd1+ 49.Kf2 Nc8 50.Nf5 Nd6
51.Nxd6+ Bxd6 52.Be3 Be7 53.Kg3 Kg6 54.Bf1 Kh5 55.Bh3 Bh4+ 56.Kh2 Bf3 57.Bf5 Bg4
58.Bh7 Be6 59.Kg2 Bg5 60.Bc5 Bc1 61.Kf3 Bxa3 62.Bf8 Bc1 63.Bf5 Bxf5 64.exf5 Kg5
65.Ke4 Kf6 66.Bc5 Bb2 67.Bf8 Kf7 68.Bd6 Ke8 69.Bc5 Kd7 70.Kd3 Ba1 71.Ke4 Bb2
72.Kd3 Ke8 73.Ke4 Kf7 74.Bd6 Bc3 75.Kd3 Be1 76.Ke4 Bc3 77.Kd3  1/2-1/2

[Event "SLO-ch"]
[Site "?"]
[Date "1992.??.??"]
[Round "?"]
[White "Jelen, Iztok"]
[Black "Orel, Oskar"]
[Result "1-0"]
[WhiteElo "2430"]
[BlackElo "2320"]

1.d4 Nf6 2.c4 g6 3.Nc3 Bg7 4.e4 d6 5.Nf3 O-O 6.Be2 e5 7.O-O Nbd7 8.Re1 c6
9.Bf1 a5 10.dxe5 dxe5 11.Na4 Ne8 12.Be3 Nc7 13.Qc2 Ne6 14.Rad1 c5 15.Nxc5 Nexc5
16.Bxc5 Nxc5 17.Rxd8 Rxd8 18.h3 Bd7 19.b3 Bc6 20.a3 b6 21.b4 axb4 22.axb4 Ne6
23.c5 Ba4 24.Qc3 bxc5 25.b5 Nd4 26.Qxc5 Rac8 27.Qe7 Re8 28.Qb4 Bc2 29.b6 Bf8
30.Qb2 Ba4 31.Nxd4 exd4 32.Qxd4 Bc6 33.Bc4 Bg7 34.Qd3 Red8 35.Qb3 Rb8 36.Bxf7+ Kh8
37.Bd5 Bxd5 38.exd5 Rb7 39.Qb5  1-0

[Event "SLO-ch"]
[Site "?"]
[Date "1992.??.??"]
[Round "?"]
[White "Sifrer, Darko"]
[Black "Orel, Oskar"]
[Result "1-0"]
[WhiteElo "2355"]
[BlackElo "2320"]

1.d4 Nf6 2.Nf3 g6 3.c4 Bg7 4.Nc3 O-O 5.e4 d6 6.Be2 e5 7.dxe5 dxe5 8.Qxd8 Rxd8
9.Bg5 c6 10.Nxe5 Re8 11.O-O-O Na6 12.Rd6 Nxe4 13.Nxe4 Bxe5 14.Nf6+ Bxf6 15.Bxf6 Nc5
16.Bd3 Nxd3+ 17.Rxd3 Bf5 18.Rd2 Re4 19.b3 a5 20.Rhd1 a4 21.Rd8+ Re8 22.Rxe8+ Rxe8
23.bxa4 Be6 24.c5 Bd5 25.Rd2 Re6 26.Bc3 f5 27.f3 Kf7 28.Rb2 Re7 29.f4 h6
30.h4 g5 31.hxg5 hxg5 32.fxg5 Kg6 33.Bf6 Re1+ 34.Kd2 Rg1 35.Ke3 Rxg2 36.Rxb7 Rg3+
37.Kf4 Rg4+ 38.Ke5 Re4+ 39.Kd6 f4 40.a5 f3 41.Rb2 Ra4 42.Bc3 Kxg5 43.Kc7 Rc4
44.Bd2+ Kf5 45.Bb4 Rf4 46.Be1 Re4 47.Bf2 Ra4 48.Kb6 Bc4 49.Be1 Bb5 50.Kb7 Ke4
51.Rxb5 cxb5 52.c6 Rxa2 53.c7 Rc2 54.c8=Q Rxc8 55.Kxc8 b4 56.a6 b3 57.a7 b2
58.a8=Q+ Kd3 59.Qxf3+ Kc2 60.Qc3+ Kb1 61.Bg3 Ka2 62.Qc2  1-0

[Event "SLO-ch"]
[Site "?"]
[Date "1992.??.??"]
[Round "?"]
[White "Truta, Srecko"]
[Black "Orel, Oskar"]
[Result "1/2-1/2"]
[WhiteElo "2255"]
[BlackElo "2320"]

1.d4 Nf6 2.c4 g6 3.Nc3 Bg7 4.e4 d6 5.Nf3 O-O 6.Be2 e5 7.O-O Nbd7 8.Re1 c6
9.Bf1 Re8 10.d5 c5 11.Rb1 h6 12.Nb5 Nf8 13.b4 a6 14.Nc3 N8d7 15.Na4 b6 16.Nd2 cxb4
17.Rxb4 Nc5 18.Ba3 Nfd7 19.Qc2 h5 20.Reb1 Rb8 21.Nb3 Nxa4 22.Rxa4 Qc7 23.Bd3 Bh6
24.Bb4 h4 25.h3 Bf4 26.Qb2 Ra8 27.Ra3 Kg7 28.Nc1 Rh8 29.Ne2 Bg5 30.Be1 Rh5
31.Nc3 Bd8 32.Be2 Rh8 33.Na4 Nc5 34.f3 f5 35.Nxc5 bxc5 36.Bd3 Rh5 37.Bc2 Bg5
38.Qb6 Bd8 39.Qb2 Rh8 40.Ba5 Qe7 41.exf5 Bxa5 42.Rxa5 Qg5 43.Qc1 Qxc1+ 44.Rxc1 gxf5
45.Rb1 Ra7 46.Rb6 Rd8 47.Kf2 Kf7 48.f4 e4 49.Ra3 Kf6 50.g3 hxg3+ 51.Rxg3 Rh7
52.Ba4 Rh4 53.Ke3 Ke7 54.Rg7+ Kf6 55.Rg3 Ke7 56.Rg7+ Kf6 57.Rg3  1/2-1/2

[Event "SLO-chT"]
[Site "SLO"]
[Date "1992.??.??"]
[Round "?"]
[White "Dezelak, B."]
[Black "Milic, I."]
[Result "1-0"]
[WhiteElo "2150"]
[BlackElo "2150"]

1.Nf3 Nf6 2.c4 g6 3.Nc3 Bg7 4.e4 d6 5.d4 O-O 6.Be2 e5 7.O-O exd4 8.Nxd4 Re8
9.f3 Bd7 10.Be3 Nc6 11.Qd2 a6 12.Rad1 Rb8 13.Rfe1 Nxd4 14.Bxd4 Bc6 15.Bf1 Qd7
16.Qf2 b5 17.e5 Nh5 18.exd6 cxd6 19.Rxe8+ Rxe8 20.Bxg7 Nxg7 21.cxb5 axb5
22.Qb6 Re5 23.Qb8+ Ne8 24.Bd3 Kg7 25.Qb6 Nc7 26.Be4 d5 27.Qd4 f6 28.Bd3 Ne6
29.Qb6 d4 30.Ne2 h5 31.Kf2 Nc5 32.Bb1  1-0

[Event "Slupsk op"]
[Site "Slupsk"]
[Date "1992.??.??"]
[Round "?"]
[White "Janocha, Wieslaw"]
[Black "Jakubiec, Artur"]
[Result "1-0"]
[WhiteElo "2305"]
[BlackElo "2280"]

1.d4 Nf6 2.Nf3 g6 3.c4 Bg7 4.Nc3 O-O 5.e4 d6 6.Be2 e5 7.d5 a5 8.Bg5 Na6 9.Nd2 h6
10.Be3 Nh7 11.Nb3 f5 12.Nxa5 Nf6 13.Nb3 fxe4 14.a3 b6 15.Qc2 Bd7 16.h3 Rc8
17.Qd2 Kh7 18.g4 c6 19.dxc6 Rxc6 20.Nd5 Be6 21.Rd1 Nc7 22.Nxb6 Qb8 23.Qb4 Na8
24.Na5 Rc5 25.Nxa8 Qxa8 26.Rxd6 Rxa5 27.Rxe6 Ra4 28.Qb3 Nd7 29.Re7 Rb8 30.Qd1 Nf8
31.Qc1 Qa5+ 32.b4 Qd8 33.Ra7 Rxa7 34.Bxa7 Ra8 35.Be3 Ne6 36.O-O Nd4 37.Bd1 Qh4
38.Kg2 Rf8 39.c5 h5 40.c6 Rf3 41.Rh1 Bh6 42.Bxf3 exf3+ 43.Kf1 hxg4 44.Bxh6 g3
45.fxg3 Qe4 46.Rh2 Qd3+ 47.Kg1 Ne2+ 48.Rxe2 fxe2 49.Kf2 Qd1 50.Bd2 e4 51.Qc3 e3+
52.Kxe3  1-0

[Event "Alekhine op"]
[Site "Smolensk"]
[Date "1992.??.??"]
[Round "3"]
[White "Gavrilov, Alexei"]
[Black "Zakharevich, Igor"]
[Result "0-1"]
[WhiteElo "2415"]
[BlackElo "2345"]

1.d4 Nf6 2.c4 g6 3.Nc3 Bg7 4.e4 d6 5.Nf3 O-O 6.Be2 e5 7.O-O Qe8 8.d5 Nfd7
9.Ne1 f5 10.exf5 gxf5 11.f4 Na6 12.Nf3 Nf6 13.Qc2 e4 14.Ne1 Ng4 15.Qd1 Nc5
16.h3 Nf6 17.Be3 Bd7 18.b4 Na4 19.Bd4 Nxc3 20.Bxc3 Qg6 21.Qb3 Rae8 22.Nc2 e3
23.Qb2 Rf7 24.Bf3 Qg3 25.Rae1 e2 26.Rxe2 Rxe2 27.Bxe2 Ng4 28.hxg4 Bxc3 29.Qc1 fxg4
30.f5 Qh4 31.Qf4 Rxf5 32.Qe4 Rh5 33.Rf4 Be5 34.Rxg4+ Bxg4 35.Bxg4 Qh2+ 36.Kf1 Rh6
37.Ne3 Rf6+ 38.Nf5 Qf4+ 39.Qxf4 Bxf4 40.Ke2 h5 41.Bh3 Bg5 42.Kd3 Rf8 43.Ke4 Re8+
44.Kd3 Kf7 45.c5 Bf4 46.Nd4 Re3+ 47.Kc2 Be5 48.Ne6 Ke7 49.Nxc7 dxc5 50.Nb5 a6
51.d6+ Bxd6 52.Nc3 Re5 53.bxc5 Rxc5 54.Kb3 Be5 55.Ne4 Rb5+ 56.Kc4 Bd6 57.Nc3 Ra5
58.Kb3 Kd8 59.Be6 Kc7 60.Bc4 Rg5 61.Bd5 Rg3 62.Kc2 b5 63.Ne2 Rg5 64.Bf3 h4
65.Nd4 Kb6 66.Ne2 a5 67.Nc3 Rg3 68.Ne4 Rxf3 69.gxf3 h3 70.Nf2 h2 71.Kd3 Kc5
72.Ke2 Kc4 73.Kf1 Bc5 74.Nh1 Kc3 75.Kg2 Kb2 76.Ng3 Kxa2 77.Ne4 Bd4 78.Nd6 b4
79.Nb5 Bf6 80.Na7 b3 81.Nc6 Bc3  0-1

[Event "Alekhine op"]
[Site "Smolensk"]
[Date "1992.??.??"]
[Round "5"]
[White "Tunik, Gennady"]
[Black "Godes, A."]
[Result "1-0"]
[WhiteElo "2480"]
[BlackElo "2395"]

1.d4 Nf6 2.c4 g6 3.Nc3 Bg7 4.e4 d6 5.Nf3 O-O 6.Be2 e5 7.O-O exd4 8.Nxd4 Re8
9.f3 Nh5 10.f4 Nf6 11.Bf3 Na6 12.Re1 c6 13.Be3 Nc7 14.Kh1 h5 15.h3 Bd7 16.f5 c5
17.Nc2 Bc6 18.Bf4 Bf8 19.Qd3 Qd7 20.Rad1 gxf5 21.e5 dxe5 22.Qxd7 Bxd7 23.Bg5 e4
24.Be2 Nh7 25.Rxd7 Nxg5 26.Rxc7 h4 27.Nd5 Re6 28.Rxb7 Bd6 29.Rf1 e3 30.Ncxe3 f4
31.Nf5 Rxe2 32.Nxd6 f3 33.gxf3 Nxh3 34.Rxf7 Kh8 35.Nf6 Ng5 36.Rg1 Re1 37.Rh7+  1-0

[Event "Alekhine op"]
[Site "Smolensk"]
[Date "1992.??.??"]
[Round "6"]
[White "Mitenkov, Alexey"]
[Black "Zakharevich, Igor"]
[Result "1/2-1/2"]
[WhiteElo "2420"]
[BlackElo "2345"]

1.d4 Nf6 2.c4 g6 3.Nc3 Bg7 4.e4 d6 5.Be2 O-O 6.Nf3 e5 7.O-O Qe8 8.d5 Nfd7
9.Ne1 f5 10.Nd3 Nf6 11.f3 f4 12.c5 Rf7 13.cxd6 cxd6 14.Bd2 Bf8 15.Rc1 h5
16.Nf2 g5 17.h3 Rg7 18.a4 Na6 19.Nb5 Qg6 20.Rc4 Qh6 21.b4 Bd7 22.Nc7 Bxa4
23.Qxa4 Nxc7 24.b5 a6 25.Rc2 axb5 26.Qb3 Na6 27.Qxb5 Nc5 28.Bb4 Nb3 29.Bc3 Nc5
30.Bb4 g4 31.Bxc5 gxh3 32.Nxh3 dxc5 33.Bc4 Kh8 34.Qb6 Qg6 35.Qe6 Re8 36.Qf5 Qxf5
37.exf5 Rb8 38.Rb1 b5 39.Rxb5 Rxb5 40.Bxb5 Nxd5 41.Rd2 Ne3 42.Rd8 Rxg2+ 43.Kh1 Rg8
44.f6 Bh6 45.Be8 Rf8 46.f7 c4 47.Rc8 Kg7 48.Nf2 Nf5  1/2-1/2

[Event "St Petersburg"]
[Site "St Petersburg"]
[Date "1992.??.??"]
[Round "?"]
[White "Lerner, Konstantin Z"]
[Black "Kochyev, Alexander"]
[Result "1-0"]
[WhiteElo "2515"]
[BlackElo "2495"]

1.d4 Nf6 2.c4 g6 3.Nc3 Bg7 4.e4 d6 5.Nf3 O-O 6.Be2 e5 7.O-O Na6 8.Re1 c6
9.d5 Nc5 10.Qc2 a5 11.Bg5 Bd7 12.Nd2 h6 13.Be3 b6 14.Reb1 Rc8 15.Qd1 cxd5
16.cxd5 b5 17.f3 b4 18.Nb5 Ne8 19.a4 f5 20.Rc1 fxe4 21.Nxe4 Nxe4 22.fxe4 h5
23.Qd3 Kh7 24.Rxc8 Bxc8 25.Na7 Bd7 26.Nc6 Qa8 27.Rc1 Nf6 28.Bf3 Rc8 29.Qb5 Bh6
30.Bxh6 Kxh6 31.Qb6 Kg7 32.Rc4 Be8 33.b3 Bxc6 34.dxc6 Rb8 35.Qc7+ Kh6 36.Qxd6 Qa7+
37.Kf1 Ne8 38.Qxe5 Qc7 39.Qh8+ Qh7 40.Qf8+  1-0

[Event "St Petersburg"]
[Site "St Petersburg"]
[Date "1992.??.??"]
[Round "?"]
[White "Magerramov, Elmar"]
[Black "Dydyshko, Viacheslav"]
[Result "1/2-1/2"]
[WhiteElo "2565"]
[BlackElo "2500"]

1.d4 Nf6 2.c4 g6 3.Nc3 Bg7 4.e4 d6 5.Be2 O-O 6.Nf3 e5 7.Be3 Na6 8.O-O Ng4
9.Bg5 Qe8 10.Re1 exd4 11.Nxd4 Qe5 12.Nf3 Qc5 13.Bh4 f5 14.exf5 Bxf5 15.a3 Bxc3
16.bxc3 Rae8 17.Nd4 Ne5 18.Bf1 Bc8 19.Bg3 Qa5 20.Nb5 Nc5 21.Re3 a6 22.Nd4 Ng4
23.Rxe8 Rxe8 24.h3 Nf6 25.Nb3 Nxb3 26.Qxb3 Ne4 27.Re1 Kf8 28.Bf4 Qxc3 29.Qd1 Nf6
30.Be3 Kf7 31.g4 Bd7 32.g5 Nh5 33.Qf3+ Kg8 34.Qd5+ Kf8 35.Bd2 Qb2 36.Qf3+ Bf5
37.Rxe8+ Kxe8 38.Qd5 Ke7 39.c5 Be6 40.cxd6+ cxd6 41.Qd3 Qe5 42.Qb1 Bd5 43.Qb6 Kd7
44.h4 Qe4 45.Bh3+ Ke8 46.Qe3 Ke7 47.Kf1 Qxe3 48.Bxe3 Be6 49.Bg2 d5 50.Bd4 Kd6
51.Ke1 Nf4 52.Bf1 Bf5 53.Kd2 Ne6 54.Ke3 b5 55.Be2 Nd8 56.f4 Nc6 57.h5 Na5
58.h6 Nc6 59.Bf1 b4 60.axb4 Nxb4 61.Kd2 a5 62.Bb5 Nc2 63.Be5+ Ke6 64.Bb2 Be4
65.Ba4 Nb4 66.Bc3 Nd3 67.Ke3 Nb4 68.Kd2 Bf5 69.Ke3 Kd6 70.Kd4 Nd3 71.Bxa5 Nxf4
72.Bb4+ Ke6 73.Bb5 Be4 74.Bd2 Ng2 75.Ba6 Nh4 76.Bc8+ Kf7 77.Bg4 Bf5 78.Be2 Be4
79.Bg4 Bf5 80.Be2 Be6 81.Ke5 Nf5  1/2-1/2

[Event "Stockholm op"]
[Site "Stockholm"]
[Date "1992.??.??"]
[Round "?"]
[White "Johansson, Victoria"]
[Black "Larsson, Per"]
[Result "1-0"]
[WhiteElo "2140"]
[BlackElo "2355"]

1.d4 Nf6 2.c4 g6 3.Nc3 Bg7 4.e4 d6 5.Nf3 O-O 6.Be2 e5 7.O-O Na6 8.Be3 Ng4
9.Bg5 f6 10.Bd2 c6 11.d5 f5 12.Ne1 Nf6 13.exf5 gxf5 14.Bg5 c5 15.f4 e4 16.Nc2 Bd7
17.Ne3 h6 18.Bh4 Nc7 19.Kh1 Qe8 20.h3 a6 21.a4 Qg6 22.g4 fxg4 23.hxg4 b5
24.f5 Qf7 25.Bg3 Qe7 26.Ng2 bxc4 27.Bxc4 Rab8 28.Nf4 Nxg4 29.Qxg4 Bxf5 30.Qe2 Qg5
31.Bh2 e3 32.Ne6 Nxe6 33.dxe6 Bxc3 34.e7+ Kh7 35.exf8=Q Be4+ 36.Qff3 Bxf3+
37.Qxf3 d5 38.Bxd5 e2 39.Rg1 Qe5 40.Be4+ Kh8 41.bxc3 Rf8 42.Bxe5+  1-0

[Event "Rilton Cup"]
[Site "Stockholm"]
[Date "1992.??.??"]
[Round "1"]
[White "Engqvist, Thomas"]
[Black "Johansson, Carl Fredrik"]
[Result "1-0"]
[WhiteElo "2390"]
[BlackElo "2220"]

1.d4 Nf6 2.c4 g6 3.Nc3 Bg7 4.e4 d6 5.Be2 O-O 6.Nf3 e5 7.O-O exd4 8.Nxd4 Re8
9.f3 c6 10.Kh1 Na6 11.Nb3 Be6 12.Bg5 h6 13.Bh4 Qe7 14.f4 Qc7 15.f5 gxf5 16.exf5 Bc8
17.Bg3 Bf8 18.c5 Nb4 19.cxd6 Qd7 20.Bf3 b6 21.Qd4 Nbd5 22.Nxd5 Nxd5 23.Bxd5 cxd5
24.Qxd5 Bb7 25.Qd2 Be4 26.Rac1 Rac8 27.f6 Rc6 28.Rxc6 Bxc6 29.Nd4 Be4 30.Qf4 Bg6
31.Nf3 Re4 32.Qd2 Re6 33.Nd4 Re8 34.Rc1 Qg4 35.Nf3 Qe6 36.Ne5 Qxf6 37.d7 Rd8
38.Nc6 Bc5 39.Nxd8 Qxd8 40.Bc7  1-0

[Event "Rilton Cup"]
[Site "Stockholm"]
[Date "1992.??.??"]
[Round "2"]
[White "Henriksson, J."]
[Black "Jonsson, Hans"]
[Result "0-1"]
[WhiteElo "2210"]
[BlackElo "2305"]

1.d4 Nf6 2.c4 g6 3.Nc3 Bg7 4.e4 d6 5.Nf3 O-O 6.Be2 e5 7.dxe5 dxe5 8.O-O Na6
9.Qc2 Nb4 10.Qd1 Qxd1 11.Rxd1 c6 12.Bg5 h6 13.Bh4 Bg4 14.Rd2 Rfe8 15.h3 Bxf3
16.Bxf3 Na6 17.Bxf6 Bxf6 18.Na4 Rad8 19.Rad1 Rd4 20.b3 Red8 21.Rxd4 exd4
22.Nb2 Nb4 23.Nd3 a5 24.Nxb4 axb4 25.Be2 h5 26.Bd3 h4 27.f4 g5 28.f5 Be5
29.Kf2 Kg7 30.Kf3 Kf6 31.Rd2 Bf4 32.Rc2 Ke5 33.Kg4 Ra8 34.Re2 f6 35.Rc2 Bg3
36.Re2 Ra5 37.Kf3 g4+ 38.hxg4 Ra8 39.Rb2 Bf4 40.Bf1 Rd8 41.Bd3 Rh8 42.Rb1 h3
43.g3 Be3 44.Bf1 h2 45.Bg2 Bg1 46.Rd1 h1=Q 47.Bxh1 Rxh1 48.Kg2 Rh2+ 49.Kxg1 Rxa2
50.Re1 d3 51.g5 fxg5 52.g4 Rc2 53.Kf1 Rb2 54.Rd1 Rxb3 55.Kf2 Kxe4 56.f6 d2
57.Rxd2 Rf3+ 58.Ke2 Rxf6 59.c5 Rh6 60.Rd7 Rh2+ 61.Kd1 b3 62.Kc1 Rc2+ 63.Kb1 Rxc5
64.Rxb7 Rb5 65.Rf7 Kd5 66.Rf6 b2 67.Rf5+ Ke6 68.Rf2 Rb4 69.Re2+ Kd5 70.Rd2+ Ke4
71.Rc2 Kf3  0-1

[Event "Rilton Cup"]
[Site "Stockholm"]
[Date "1992.??.??"]
[Round "4"]
[White "Hillarp Persson, Tiger"]
[Black "Cramling, Dan"]
[Result "0-1"]
[WhiteElo "2300"]
[BlackElo "2435"]

1.d4 Nf6 2.Nf3 g6 3.c4 Bg7 4.Nc3 O-O 5.e4 d6 6.Be2 e5 7.O-O Na6 8.Re1 c6
9.Rb1 exd4 10.Nxd4 Re8 11.Bf3 Ng4 12.h3 Qb6 13.Bxg4 Bxg4 14.hxg4 Qxd4 15.Qe2 Nc5
16.Be3 Qe5 17.Rbd1 Qe7 18.f3 Be5 19.Qf2 a5 20.g3 Qe6 21.Qe2 Bxg3 22.Bf2 Be5
23.Kg2 Qf6 24.Qc2 Ne6 25.Ne2 h5 26.Rh1 hxg4 27.fxg4 Ng5 28.Qd3 Qe6 29.Rh4 Bf6
30.Bd4 Bxd4 31.Nxd4 Qxe4+ 32.Kg3 Qe5+ 33.Kf2 Qf4+ 34.Nf3 Ne4+ 35.Kf1 Ng3+
36.Kg2 Re2+ 37.Kh3 Ne4 38.Rg1 Ng5+ 39.Nxg5 Qh2+  0-1

[Event "Rilton Cup"]
[Site "Stockholm"]
[Date "1992.??.??"]
[Round "7"]
[White "Hellers, Ferdinand"]
[Black "Winsnes, Rikard"]
[Result "1/2-1/2"]
[WhiteElo "2500"]
[BlackElo "2360"]

1.d4 Nf6 2.c4 g6 3.Nc3 Bg7 4.e4 d6 5.Be2 O-O 6.Nf3 e5 7.O-O Na6 8.Be3 Ng4
9.Bg5 f6 10.Bc1 c6 11.Rb1 f5 12.d5 c5 13.Ng5 Nf6 14.exf5 gxf5 15.f4 e4 16.a3 h6
17.Nh3 Qe7 18.Be3 Bd7 19.Nf2 Kh8 20.Qd2 Be8 21.b4 Bh5 22.Nb5 Bxe2 23.Qxe2 b6
24.Bc1 Nc7 25.Nxc7 Qxc7 26.Nd1 cxb4 27.axb4  1/2-1/2

[Event "Rilton Cup"]
[Site "Stockholm"]
[Date "1992.??.??"]
[Round "9"]
[White "Degerman, Lars"]
[Black "Markovic, Mil"]
[Result "1-0"]
[WhiteElo "2460"]
[BlackElo "2265"]

1.d4 Nf6 2.c4 g6 3.Nc3 Bg7 4.e4 d6 5.Nf3 O-O 6.Be2 e5 7.Be3 exd4 8.Nxd4 Re8
9.f3 c6 10.Bf2 d5 11.exd5 cxd5 12.c5 Nbd7 13.Nb3 Ne5 14.O-O Be6 15.Nd4 Bf8
16.b4 a6 17.Na4 Nh5 18.Nb6 Rb8 19.Qd2 Nd7 20.Nxe6 fxe6 21.Nxd7 Qxd7 22.f4 Nf6
23.Bf3 Bh6 24.Qb2 Rf8 25.Bd4 Ne8 26.g3 Ng7 27.Be5 Rbd8 28.Bg4 Nf5 29.Rfe1 Rde8
30.Rad1 g5 31.fxg5 Bxg5 32.Bh5 Rd8 33.Qe2 Bf6 34.Bg4 Ng7 35.Bd6 Rfe8 36.Qf3 Qf7
37.Rf1 Qg6 38.Qxf6 Qxg4 39.Qf7+ Kh8 40.Be5 Rg8 41.Rd4 Qe2 42.Qxe6 Qb5 43.Rh4 Qd3
44.Rg4 h5 45.Qh6+ Qh7 46.Rg6  1-0

[Event "FRA-ch"]
[Site "Strasbourg"]
[Date "1992.??.??"]
[Round "10"]
[White "Roos, Louis"]
[Black "Renet, Olivier"]
[Result "1-0"]
[WhiteElo "2390"]
[BlackElo "2530"]

1.c4 g6 2.Nc3 Bg7 3.Nf3 d6 4.d4 Nf6 5.e4 O-O 6.Be2 e5 7.O-O Na6 8.Be3 Ng4
9.Bg5 Qe8 10.h3 h6 11.hxg4 hxg5 12.d5 Bxg4 13.Nxg5 Bd7 14.Bg4 Bf6 15.Nh3 Kg7
16.g3 Nc5 17.b4 Na4 18.Nxa4 Bxg4 19.Qxg4 Qxa4 20.Qe2 c6 21.Rab1 cxd5 22.cxd5 Rac8
23.Rb3 Rc7 24.Kg2 Rfc8 25.Rh1 Rc3 26.Qg4 Qxa2 27.Rxc3 Rxc3 28.Ng5 Bxg5 29.Qxg5 Rc8
30.Qh6+ Kf6 31.Qh4+ Kg7 32.g4 Rg8 33.Rh3 Kf8 34.Qd8+ Kg7 35.Qxd6 Qa6 36.Qxe5+ Kf8
37.d6 Qc6 38.Qe7+ Kg7 39.Rf3 Qe8 40.Qf6+ Kf8 41.e5  1-0

[Event "SWZ-GP Suhr"]
[Site "Suhr"]
[Date "1992.??.??"]
[Round "2"]
[White "Huss, Andreas"]
[Black "Chiong, Luiz"]
[Result "1/2-1/2"]
[WhiteElo "2370"]
[BlackElo "2350"]

1.d4 Nf6 2.Nf3 g6 3.c4 Bg7 4.Nc3 O-O 5.e4 d6 6.Be2 e5 7.d5 a5 8.O-O Na6 9.Ne1 Nc5
10.f3 Nh5 11.g3 f5 12.Nd3 Nxd3 13.Bxd3 Nf6 14.exf5 gxf5 15.f4 e4 16.Be2 c5
17.Be3 Bd7 18.h3 Qe8 19.Rf2 h5 20.Rg2 Kh8 21.Qd2 Rg8 22.Kh1 Bh6 23.Rag1 Rg7
24.Qd1 b6 25.a4 Rh7 26.b3 Qf7 27.Qd2 Rg8 28.Nd1 Rg6 29.Nf2 Bg7 30.Rh2 Kg8
31.Rgg2 Kf8 32.Qd1 Ke7 33.h4 Ng4 34.Bxg4 hxg4 35.Qd2 Bf6 36.Nd1 Qg7 37.Qc1 Rgh6
38.Bf2 Qh8 39.Ne3 Kf8 40.Be1 Bd4 41.Re2 Qf6 42.Kg2 Ke7  1/2-1/2

[Event "SWZ-GP Suhr"]
[Site "Suhr"]
[Date "1992.??.??"]
[Round "9"]
[White "Gheorghiu, Florin"]
[Black "Chiong, Luiz"]
[Result "1/2-1/2"]
[WhiteElo "2500"]
[BlackElo "2350"]

1.d4 Nf6 2.c4 g6 3.Nc3 Bg7 4.e4 d6 5.Nf3 O-O 6.Be2 e5 7.Be3 Ng4 8.Bg5 f6
9.Bh4 Nc6 10.d5 Ne7 11.h3 Nh6 12.g4 Nf7 13.Nd2 c5 14.a3 a6  1/2-1/2

[Event "Sweden"]
[Site "Sweden"]
[Date "1992.??.??"]
[Round "?"]
[White "Carlhammar, Magnus"]
[Black "Winsnes, Rikard"]
[Result "0-1"]
[WhiteElo "2280"]
[BlackElo "2345"]

1.d4 Nf6 2.c4 g6 3.Nc3 Bg7 4.e4 d6 5.Be2 O-O 6.Nf3 Na6 7.O-O e5 8.Be3 Ng4
9.Bg5 f6 10.Bh4 Nh6 11.Bg3 Nf7 12.h3 c6 13.Re1 Qe7 14.Bf1 f5 15.exf5 gxf5
16.c5 e4 17.cxd6 Nxd6 18.Qb3+ Nf7 19.Ne5 Be6 20.Bc4 Bxc4 21.Qxc4 Qb4 22.Qe2 Nxe5
23.Bxe5 Bxe5 24.dxe5 Nc5 25.a3 Qb3 26.Qe3 Nd3 27.Red1 Qe6 28.f4 Kh8 29.Rd2 Rg8
30.Ne2 c5 31.Nc1 c4 32.Ne2 Rad8 33.Nc3 a6 34.Rf1 b5 35.Kh2 Qg6 36.Nd1 Qh5
37.Nc3 Rg7 38.Rfd1 Rdg8 39.Nd5 Rxg2+ 40.Kh1 R2g3  0-1

[Event "SWZ-ch int"]
[Site "?"]
[Date "1992.??.??"]
[Round "3"]
[White "Wirthensohn, Heinz"]
[Black "Renet, Olivier"]
[Result "0-1"]
[WhiteElo "2395"]
[BlackElo "2530"]

1.Nf3 d6 2.d4 Nf6 3.c4 g6 4.Nc3 Bg7 5.e4 O-O 6.Be2 e5 7.Be3 c6 8.d5 Ng4 9.Bg5 f6
10.Bh4 Na6 11.Nd2 Nh6 12.f3 Nf7 13.a3 Bh6 14.Bf2 c5 15.Bd3 f5 16.Qe2 Nc7
17.b4 b6 18.Bc2 Ne8 19.Ba4 a6 20.Rb1 Nf6 21.Bc6 Ra7 22.a4 Rc7 23.a5 cxb4
24.Rxb4 bxa5 25.Rb8 Nd7 26.Rb2 Nc5 27.Nb3 fxe4 28.Nxe4 Nxe4 29.fxe4 Qg5 30.Bb6 Bg4
31.Qd3 Rcc8 32.O-O Rb8 33.Bf2 Qh5 34.Rc2 Ng5 35.Bg3 Rxf1+ 36.Kxf1 Nxe4 37.Qxe4 Rxb3
38.Ra2 Bf5 39.Qh4 Bd3+  0-1